Double 'OR' Words Quiz Stats

Quiz Updated Dec 30, 2015

Challenge
Share
Tweet
Embed
Score 0/20 Timer 05:00
3 Plays Today
Clue Answer % Correct
A place for scientific experimentsLaboratory
89%
Campus sleeping quartersDormitory
85.3%
A resplendent atmospheric phenomenon also known as 'Northern Lights'Aurora Borealis
83.9%
Author of Animal FarmGeorge Orwell
81.9%
Last word in many business namesIncorporated
80.8%
Collegiate sisterhoodSorority
79.6%
The stiffening of limbs after deathRigor mortis
77.7%
A film genre, practiced by Craven and CarpenterHorror
74.8%
HallwayCorridor
73.2%
Subject of a book by GuinnessWorld records
72.1%
Clue Answer % Correct
Swedish tennis player who won five consecutive Wimbledon titlesBjörn Borg
63.9%
J. R. R. Tolkien realm famed for its lack of pedestrian accessMordor
56.4%
Country with the world's fourth largest armyNorth Korea
50.8%
A certain ancient Greek's equation involving a hypotenusePythagorean theorem
50.2%
CHCl3, formerly used as an anestheticChloroform
48%
BullfighterToreador
42.8%
Fifth most populous city in TexasFort Worth
42.3%
Miserable, abandonedForlorn
37.3%
Buffet meal served on a long tableSmorgasbord
31%
A national capital near the Coral SeaPort Moresby
10.8%

You're not logged in!

Compare scores with friends on all Sporcle quizzes.
Sign Up with Email
OR
Log In

You Might Also Like...

Show Comments

Extras

Top Quizzes Today


Score Distribution

Your Account Isn't Verified!

In order to create a playlist on Sporcle, you need to verify the email address you used during registration. Go to your Sporcle Settings to finish the process.